| 000 | 00428nam a2200121Ia 4500 | ||
|---|---|---|---|
| 008 | 170224s9999 xx 000 0 und d | ||
| 245 | 4 | _aThe consistency principle in interpersonal communication: Consequences of preference confirmation and disconfirmation in collective decision making. | |
| 260 | _bJournal of Personality and Social Psychology | ||
| 260 | _c2014 | ||
| 300 | _a106:6 | ||
| 500 | _aJune | ||
| 650 | _xPsychology. | ||
| 999 |
_c316729 _d316729 |
||